<?xml version="1.0" encoding="UTF-8"?>
<record
    xmlns:xsi="http://www.w3.org/2001/XMLSchema-instance"
    xsi:schemaLocation="http://www.loc.gov/MARC21/slim http://www.loc.gov/standards/marcxml/schema/MARC21slim.xsd"
    xmlns="http://www.loc.gov/MARC21/slim">

  <leader>00778nam a2200241Ia 4500</leader>
  <controlfield tag="001">4385</controlfield>
  <controlfield tag="003">GE_BSU</controlfield>
  <controlfield tag="008">181216s||||||||xx |||||||||||||| ||und||</controlfield>
  <datafield tag="020" ind1=" " ind2=" ">
    <subfield code="a">5247005627</subfield>
  </datafield>
  <datafield tag="040" ind1=" " ind2=" ">
    <subfield code="c">GE_BSU</subfield>
  </datafield>
  <datafield tag="080" ind1=" " ind2=" ">
    <subfield code="a">665.61.03(035.3)</subfield>
  </datafield>
  <datafield tag="100" ind1=" " ind2=" ">
    <subfield code="a">&#x411;&#x43E;&#x440;&#x43E;&#x432;&#x430;&#x44F;,&#x41C;.&#x421;. &#x41D;&#x435;&#x445;&#x430;&#x43C;&#x43A;&#x438;&#x43D;&#x430;,&#x41B;. &#x413;.</subfield>
  </datafield>
  <datafield tag="245" ind1=" " ind2=" ">
    <subfield code="a">&#x41B;&#x430;&#x431;&#x43E;&#x440;&#x430;&#x43D;&#x442; &#x43D;&#x435;&#x444;&#x442;&#x44F;&#x43D;&#x43E;&#x439; &#x438; &#x433;&#x430;&#x437;&#x43E;&#x432;&#x43E;&#x439; &#x43B;&#x430;&#x431;&#x43E;&#x440;&#x430;&#x442;&#x43E;&#x440;&#x438;&#x438;.</subfield>
  </datafield>
  <datafield tag="245" ind1=" " ind2=" ">
    <subfield code="b">&#x421;&#x43F;&#x440;&#x430;&#x432;&#x43E;&#x447;&#x43D;&#x43E;&#x435; &#x43F;&#x43E;&#x441;&#x43E;&#x431;&#x438;&#x435;.</subfield>
  </datafield>
  <datafield tag="245" ind1=" " ind2=" ">
    <subfield code="c">&#x417;&#x430;&#x432;. &#x440;&#x435;&#x434;. &#x41D;.&#x418;. &#x418;&#x433;&#x43D;&#x430;&#x442;&#x44C;&#x435;&#x432;&#x430;.</subfield>
  </datafield>
  <datafield tag="250" ind1=" " ind2=" ">
    <subfield code="a">2-&#x435; &#x438;&#x437;&#x434;. &#x43F;&#x435;&#x440;&#x435;&#x440;&#x430;&#x431;. &#x438; &#x434;&#x43E;&#x43F;.</subfield>
  </datafield>
  <datafield tag="260" ind1=" " ind2=" ">
    <subfield code="a">&#x41C;.</subfield>
  </datafield>
  <datafield tag="260" ind1=" " ind2=" ">
    <subfield code="b">&#x41D;&#x435;&#x434;&#x440;&#x430;.</subfield>
  </datafield>
  <datafield tag="260" ind1=" " ind2=" ">
    <subfield code="c">1990.</subfield>
  </datafield>
  <datafield tag="300" ind1=" " ind2=" ">
    <subfield code="a">317&#x441;&#x442;&#x440;.&#x441; &#x438;&#x43B;&#x43B;.22 &#x441;&#x43C;.</subfield>
  </datafield>
  <datafield tag="653" ind1=" " ind2=" ">
    <subfield code="a">&#x41B;&#x430;&#x431;&#x43E;&#x440;&#x430;&#x43D;&#x442; &#x43D;&#x435;&#x444;&#x442;&#x44F;&#x43D;&#x43E;&#x439; &#x438; &#x433;&#x430;&#x437;&#x43E;&#x432;&#x43E;&#x439; &#x43B;&#x430;&#x431;&#x43E;&#x440;&#x430;&#x442;&#x43E;&#x440;&#x438;&#x438;.</subfield>
  </datafield>
  <datafield tag="942" ind1=" " ind2=" ">
    <subfield code="c">BK</subfield>
  </datafield>
  <datafield tag="999" ind1=" " ind2=" ">
    <subfield code="c">38375</subfield>
    <subfield code="d">38375</subfield>
  </datafield>
  <datafield tag="952" ind1=" " ind2=" ">
    <subfield code="0">0</subfield>
    <subfield code="1">0</subfield>
    <subfield code="4">0</subfield>
    <subfield code="7">0</subfield>
    <subfield code="9">39270</subfield>
    <subfield code="d">2018-12-17</subfield>
    <subfield code="p">9537</subfield>
    <subfield code="r">2018-12-17</subfield>
    <subfield code="w">2018-12-17</subfield>
    <subfield code="y">BK</subfield>
    <subfield code="z">&#x10E1;&#x10D0;&#x10EA;&#x10D0;&#x10D5;&#x10D8;</subfield>
  </datafield>
</record>
